El ius commune y la formación de las instituciones de derecho público /

Frente el actual proceso de consolidación de la comunidad europea los autores plantean los fundamentos que en otro contexto histórico similar les permitió resolver situaciones legales diversas a través del llamado derecho común. Se analiza su recepción por el tribunal superior del Sacro Imperio Roma...

Popoln opis

Shranjeno v:
Bibliografske podrobnosti
Glavni avtor: González-Varas Ibáñez, Alejandro (coord.)
Format: Knjiga
Jezik:španščina
Izdano: México : Tirant Lo Blanch, 2012, c2012
Serija:(Tirant Monografías) [s.n.]
Teme:
Oznake: Označite
Brez oznak, prvi označite!

MARC

LEADER 00000nam^a2200000^a^4500
001 000327703
005 20250521000000.0
009 20260310113844.471
020 |a 978-84-9033-110-1 
037 |a Acervo ITESO - Biblioteca 
041 |a ESP 
082 |a 340. 56  |b GON 
100 |a González-Varas Ibáñez, Alejandro  |e (coord.) 
245 1 3 |a El ius commune y la formación de las instituciones de derecho público /  |c Coord. de A. González-Varas Ibáñez. 
264 4 |a México :  |b Tirant Lo Blanch,  |c 2012, c2012 
300 |a 261 p. 
336 |a texto  |b txt  |2 rdacontenido 
337 |a sin mediación  |b n  |2 rdamedio 
338 |a volumen  |b nc  |2 rdasoporte 
440 1 |a (Tirant Monografías) [s.n.] 
520 |a Frente el actual proceso de consolidación de la comunidad europea los autores plantean los fundamentos que en otro contexto histórico similar les permitió resolver situaciones legales diversas a través del llamado derecho común. Se analiza su recepción por el tribunal superior del Sacro Imperio Romano Germánico, su influencia en el derecho anglosajón y la preponderancia del derecho canónico en la Edad Media sobre el derecho secular como generador de instituciones civiles. 
649 |a XX 
650 |a Mujeres -  |z España -  |x Historia -  |y Período Arabe, 711-1492 
650 |a Mujeres -  |z España -  |x Condiciones Jurídicas 
650 |a Instituciones Jurídicas -  |z Europa -  |x Historia 
650 |a Impuestos -  |z Europa -  |x Historia 
650 |a Derecho Patrimonial -  |z Europa -  |x Historia 
650 |a Tribunales -  |z Europa -  |x Historia 
650 |a Derecho Civil -  |z Europa -  |x Historia -  |x Tema Principal 
650 |a Derecho Canónico -  |z Europa -  |x Historia 
650 |a Derecho Romano -  |z Europa -  |x Historia 
650 |a Derecho Medieval 
650 |a Sistemas Jurídicos Neorromanos -  |x Historia -  |x Tema Principal 
650 |a Sistemas Jurídicos Anglosajones 
650 |a Derecho Privado -  |z Europa -  |x Historia 
650 |a Derecho Público -  |z Europa -  |x Historia 
650 |a Derecho -  |z Europa -  |x Historia 
910 |a Fondo General 
920 |a Impresos - Libros 
930 |a Colección General 
905 |a 101 
901 |a 0500216949  |b IT1  |c ACC  |i C134774  |u 20250521 
902 |a https://opac.biblio.iteso.mx/vufind/Record/000327703